000 01077cac a2200349 i 4500
003 EG-GICUC
005 20260121101552.0
008 940325s1994 mnu fr 001 0 eng d
020 _a0314035842
020 _a9780314035844
040 _aDLC
_cDLC
_dDLC
_dEG-GICUC
_beng
_erda
043 _an-us---
050 0 0 _aKF9618
_b.J59 1994
082 0 0 _a343.3.073
_221
092 0 4 _221
099 _aLaw 10 1994
100 1 _aJohnson, Phillip E.,
_d1940-2019.
245 1 0 _aCases and materials on criminal procedure /
_cby Phillip E. Johnson.
250 _a2nd edition.
264 _aSt. Paul, Minn. :
_bWest Pub. Co.,
_c1994.
300 _axxi, 941 page ;
_c26 cm.
336 _atext
_btxt
_2rdacontent
337 _aunmediated
_bn
_2rdamedia
338 _avolume
_bnc
_2rdacarrier
440 0 _aAmerican casebook series
500 _aIncludes index.
525 _aKept up to date by supplements.
650 0 _aCriminal procedure
_zUnited States
_vCases.
856 4 0 _uhttps://fll.law.cu.edu.eg/fulltext/bks/ENGB10-00126.pdf
905 _a10
942 _2ddc
_cBK
_e21
_n0
999 _c53323
_d53323